000 00657cam a2200217 a 4500
001 000009664
005 20200929161648.0
008 821210s1979 ve 000 0 spa
040 _aDO-SdBNP
_bspa
_cLC
_dBNPHU
082 _aVe862.44
_bR412f
100 1 _aRengifo, César.
_924552
245 1 3 _aUn Fausto anda por la avenida /
_cCésar Rengifo.
260 _aCaracas :
_bFundarte,
_c1979.
300 _a47 p. ;
_c22 cm.
490 1 _aCuadernos de Difusión,
_v38
650 4 _aTeatro venezolano
_923074
650 4 _aLiteratura venezolana
_93816
830 0 _aCuadernos de Difusión ;
_v38
_96694
910 _aCatalogación por copia / LC
049 _aBNGR
999 _c9424
_d9424